000 00608nam a22002177a 4500
005 20170124105951.0
010 _aA-372035
020 _c00.00
035 _aA-372035
037 _bCen Lib/Ret
040 _aDPL
_bEN
082 _a230.1
_bMOR
245 _aMoral dilemmas in the mahabharata /
_cedited by Bimal Krishna Matilal
260 _aDelhi
_c1989
_bMotilal Banarsidass
270 _b Delhi
_aBunglow Road
300 _a156p.
_c21cm(Hb)
650 _aHinduism
_979055
650 _aMahabharat
_979056
700 _aMatial, Bimal Krishna
_979057
942 _2ddc
_cEN
_h230.1
_mMOR
999 _c125289
_d125289